Transferové oceňovanie
Pojem - transferové oceňovanie, jeho cieľ. Priblíženie metód pre určenie transferových cien kontrolovaných transakcií uskutočňovaných prepojenými (závislými) osobami. Dokumentácia o používanej metóde transferového oceňovania.
Salvato in:
| Autore principale: | |
|---|---|
| Natura: | Capitolo di libro |
| Lingua: | slovacco |
| Soggetti: | |
| Tags: |
Nessun Tag, puoi essere il primo ad aggiungerne!!
|
MARC
| LEADER | 00000nla a2200000 4500 | ||
|---|---|---|---|
| 001 | 0221231 | ||
| 005 | 20240502073632.8 | ||
| 041 | 0 | |a slo | |
| 044 | |a SK | ||
| 245 | 1 | 0 | |a Transferové oceňovanie |c Eva Manová |
| 520 | |a Pojem - transferové oceňovanie, jeho cieľ. Priblíženie metód pre určenie transferových cien kontrolovaných transakcií uskutočňovaných prepojenými (závislými) osobami. Dokumentácia o používanej metóde transferového oceňovania. | ||
| 610 | 2 | 0 | |a oceňovanie transferové |
| 610 | 2 | 0 | |a osoby závislé |
| 610 | 2 | 0 | |a metódy |
| 610 | 2 | 0 | |a dokumentácia |
| 100 | 1 | |a Manová, Eva, 1957- | |